Formes de Pays Diaporama - Statistiques

Statistiques générales
  • Ce quiz a été pris 69 fois
  • Le résultat moyen est 8 sur 12
Statistiques - réponses
Pays % Correct
Mali
91%
Suisse
82%
Arabie Saoudite
80%
Laos
78%
Soudan
78%
Roumanie
71%
Afghanistan
65%
Corée du Nord
63%
Oman
63%
Taïwan
58%
Nigeria
55%
Koweït
45%
Aucun quiz correspondant
Distribution des résultats
% des personnes avec chaque résultat
Percentile par nombre de réponses
Votre historique - résultats
Vous n’avez pas pris ce quiz